| 000 | 00952nas a2200265 i 4500 | ||
|---|---|---|---|
| 001 | 1349 | ||
| 003 | ES-MaACL | ||
| 005 | 20250807062534.0 | ||
| 007 | t| | ||
| 008 | 950801c1823 xxk | | 1 ||ng d | ||
| 080 | _a410 | ||
| 245 | 0 | 4 | _aThe Lancet. |
| 250 | _a[English ed.]. | ||
| 260 |
_aLondon : _bLancet Ltd, _c1823- |
||
| 300 |
_a141 v. : _bgrab. ; _c24 cm. |
||
| 310 | _aSemanal | ||
| 362 | 0 | _aVol. 1, nº. 1 (Oct. 5, 1823)- | |
| 500 | _aA patir de 1986 se recibe la ed. en español, que deja de publicarse en diciembre 1999 (vol. 35, nº 6) | ||
| 650 | 1 | 7 |
_aMedicina _2embne _914891 |
| 700 | 1 |
_aWakley, Thomas, _edir. _9194172 |
|
| 700 | 1 |
_aSprigge, Samuel Squire, _edir. _9194173 |
|
| 852 |
_aES-MaACL _jHem-740 |
||
| 866 | 0 | _o1825-26,(1829)1830-1833,(1863-65),(1895)1896-1916(1917)1918-34(1935f.n.1y11)(1936),(1947f.n.6444y6448y6453)(1948),1950-56(1957f.n.701)1958-60(1961),(1986f.nov.)1987-88(1989-90)1991-99 | |
| 999 |
_c1349 _d1349 |
||